Question de géographie
Gorde:
| Egile nagusia: | |
|---|---|
| Formatua: | Liburua |
| Hizkuntza: | Undetermined |
| Argitaratua: |
París, Francia
Jeanne Laffitte
1984
|
| Gaiak: | |
| Etiketak: |
Etiketa erantsi
Etiketarik gabe, Izan zaitez lehena erregistro honi etiketa jartzen!
|
MARC
| LEADER | 00000nam a2200000Ia 4500 | ||
|---|---|---|---|
| 008 | 170316s9999 xx 000 0 und d | ||
| 040 | |a cru BVZT | ||
| 090 | |a 840 B-13q | ||
| 100 | |a Berger, John et al. | ||
| 245 | |a Question de géographie | ||
| 260 | |a París, Francia | ||
| 260 | |b Jeanne Laffitte | ||
| 260 | |c 1984 | ||
| 300 | |a 114 páginas | ||
| 650 | |a LITERATURA FRANCESA | ||
| 999 | |c 7490 |d 7490 | ||
| 942 | |c 15 D |h 840 B-13q |2 z | ||
